Petit Bac - Lettre S - Statistiques

Statistiques générales
  • Ce quiz a été pris 4 958 fois
  • Le résultat moyen est 8 sur 10
Statistiques - réponses
Catégories Réponses en S % Correct
Prénom Sabine / Sabrina / Sacha / Salima / Salomé / Samantha / Sana / Sandra / Sandrine / Sandy / Sara / Sarah / Sascha / Segolene / Sasha / Selma / Sephora / Seraphine / Servane / Severine / Sheila / Sibylle / Sidonie / Simone / Sixtine / Solene / Sofia / Sonia / Sophie / Stéphanie / Susie / Suzanne / Suzie / Sybille / Sylvie / Saadi / Sacha / Salim / Salomon / Sam / Sami / Sammy / Samson / Samuel / Samy / Sandro / Sasha / Saül / Scott / Sean / Shaï / Siegfried / Silas / Silvio / Simon / Sloan / Smain / Soann / Sofiane / Sohann / Solal / Soren / Stanislas / Stanley / Stephan / Stephane / Steven / Stoyan / Sulivan / Sullivan / Sulyvan / Sven / Swad / Swann / Swen / Sylvain / Solange / Serge
100%
Objet Sabre / Sac / Saladier / Salière / Scie / Seau / Serpillère / Serviette / Stylo / sucette / Sablier / Savon / Sceau / Serpillière / Sacoche / Seringue / Soupière / Serrure / Sifflet / Spatule / soucoupe / Selle / Sèrpière / Serpe / Saxophone / Sandale / Siège / Sac à dos / Sac à main / Sachet / Sangle / Saucière / Sarbacane / Sonnette / Sapin / Socle / Serre tête / Statue / Ski / Serpentin / Sonde / Sécateur / Sucrier / Sofa / Savate / Silex / Sèche cheveux / Scalpel / Serre tete / Smartphone / Sommier / Sous / Sceptre / Scotch / Siphon / Saucier / Soupape / Skate / Sirène / Surligneur / Set de table / Serpette / Sculpture / Sucrière / Sarcophage / Scaphandre / Semelle / Surin / Soie / Satellite / Souche / Saphir / Suppositoire / Sautoir / Stylo / Soulier / Sabre laser / Séchoir / Scelle
97%
Animal Sagouin / Saïmiri / Sajou / Saki / Sanglier / Sapajou / Serval / Siamang / Siciste / Sifaka / Silène / Singe / Souris / Souslik / Spermophile / Sphynx / Springbok / Suricate / Serpent / Siamois / Sarcelle / Suricate / Sardine / Sole / Salamandre
97%
Pays Saint Vincent et les Grenadine / Saint-Kitts et Nevis / Saint-Marin / Sainte Lucie / Samoa / Sénégal / Serbie / Seychelles / Sierra Leone / Singapour / Slovaquie / Slovénie / Somalie / Soudan / Sri Lanka / Suède / Suisse / Suriname / Syrie / Salvador
96%
Marque Seat / Super U / Sodebo / Sprite / Seb / Scotch Brite / Sécurité Sociale / Stanhome / Santa Lucia / Soupline / Salvetat / Skip / Saupiquet / Swiffer / Senoble / Star Alliance / St-Hubert / Sheiba / SNCF / Skôda / Sofinco / Société Générale / SFR / Scoot 3200 / Sagem / Spray.fr / Sony / Skyrock / Samsung / Scrabble / Siemens / Stimorol / Speedy / San Marco / Somat / Sun / St Morêt / Soignon / Sanex / Sargenor / Synthol / Salakis / Sega / Schwarzkopf / Signal / Sabena / Segalot / Scénic / Seat / Stoeffler / Smint / Sheba / Simply Market / Subway / S60 / Saab / Sader / Sainsbury’s / Saint Agur / Saint Hubert / Saint Maclou / Saint Môret / Sakka / Salice / Salon Guy / Salvetat / Samaritaine / Samcon / Samia / SanDisk / Sanofi Aventis / Sanogyl / Sanyo / Sanytol / Saturn / SAVAC / Savéol / Savoie Mont Blanc / Schiever / Schmidt / Scholl / Score Game / Scorpio / Scotiabank / Seafrance / Seagate / Secours catholique / Securitas / Sédao / Seiko / Selecta / SEMTAO / SEMVAT / Sennheiser / Senséo / Séphora / Sergio Bossi / Subaru / Série Club / SETRAM / Sevesc / SFA / Sharp / Shell / Shiva / Shopi / Shure / Sicaer Restauration / Simmons / Simyo / SITA / Sitis / Sitrans / Sky / Skype / Skyrock / Skyteam / Smart / Smatis / SMRT / SNSM / Socotec / Sodexo / Softsheen-Carson / Sogal.com / Sojasun / Solabios / Somatoline cosmetic / Somfy / Sony-Ericsson / SOS Malus / Sostmeier / spartoo.com / SPIE / Sport 2000 / Sport Leader / Sprint / Stade de France / STAN / STAP / Starbucks / Staples / STAR / Stars’services / Statio + / Stérimar / Stihl / STM / STS / STTR / Stressless / Studyrama / Success Partners / Suez / Sundance Channel / Sunday Times / Super C / Super Timor / Surbronc / Surcouf / Sure / Suzuki / Swiss Délice / SwissLife / Salb / Shelby / Smart / Skoda / Super Mario bros / Sephora
82%
Vêtement sabot / sadria / salopette / sandale / sari / sarong / sefseri / serre-taille / short / shorty / slip / smoking / socque / socquette / sombrero / soulier / sous-pull / sous-vêtement / soutien-gorge / spencer / stola / string / survêtement / suspensoir / sweat / sweat-shirt / sweater / Sarouel
81%
Métier Sage-femme / Santonnier / Sapeur pompier / Saucier / Scénariste / Scénographe / Scripte / Scrum master / Sculpteur / Secrétaire / Sécurité civile / Sellier / Serrurier / Sociologue / Soigneur / Soudeur / Sommelier / Staticien / Souffleur de verre / Souscripteur / Spécialiste / Styliste / Survivant / Syndicat / Sauveteur
77%
Sport Salsa / Samba / Sambo / Sarbacane / Saut à la perche / Saut en longueur / Sauvetage / Self défense / Sepak takraw / Skateboard / Skeleton / Ski / Ski acrobatique / Ski alpin / Ski de fond / Ski nautique / Skicross / Slackline / Slamball / Snorkeling / Snowboard / Snowkite / Softball / Speed riding / Surf / Squash
73%
Fruit ou légume Safou / Salsifi / Salacca / Salade / Sapotille / Sudachi / Sureau noir / Sauge
70%
Partie du corps Sacrum / Sphénoïde / Sternum / Sphincter / Scrotum / Sein / Squame / Système nerveux / Sinus / Sourcil / Synapse / Sang
67%
Aucun quiz correspondant
Distribution des résultats
% des personnes avec chaque résultat
Percentile par nombre de réponses
Votre historique - résultats
Vous n’avez pas pris ce quiz